AH International Schools' Libraries

Adam's Pirate Treasure / (Record no. 49369)

MARC details
000 -LEADER
fixed length control field 01075nam a2200157 4500
020 ## - INTERNATIONAL STANDARD BOOK NUMBER
International Standard Book Number 9781906818036
100 ## - MAIN ENTRY--PERSONAL NAME
Personal name Bennett, Benji,
Relator term author.
9 (RLIN) 86579
245 ## - TITLE STATEMENT
Title Adam's Pirate Treasure /
Statement of responsibility, etc By award winning author Benji Bennett, illustrated by Roxanne Burchartz.
260 ## - PUBLICATION, DISTRIBUTION, ETC. (IMPRINT)
Place of publication, distribution, etc Ireland ;
Name of publisher, distributor, etc Adams Printing Press :
Date of publication, distribution, etc 2010.
300 ## - PHYSICAL DESCRIPTION
Extent 28 pages.
Dimensions 9.65 x 0.12 x 11.61 inches.
490 ## - SERIES STATEMENT
Series statement Adam's Pirate Treasure:
Volume number/sequential designation 4
500 ## - GENERAL NOTE
General note Ahoy Mateys!<br/>Send your little pirate to sleep knowing that they are your most precious jewel and valued treasure before they go to sleep.<br/><br/>Join Adam and his crew of Scallywags as they embark on a swashbuckling adventure in search of Adam’s Pirate Treasure. With unimaginable illustrations, that will warm the cockles of your heart, visit paradise Island, find the X in the sand and enjoy a never to be forgotten tale filled with fun, happiness and adventure.<br/><br/>Weigh anchor and hoist the sails me old sea dogs, it’s time to find us some treasure.
650 ## - SUBJECT ADDED ENTRY--TOPICAL TERM
9 (RLIN) 74737
Topical term or geographic name as entry element Pirates.
650 ## - SUBJECT ADDED ENTRY--TOPICAL TERM
9 (RLIN) 48521
Topical term or geographic name as entry element Treasure
General subdivision Fiction.
942 ## - ADDED ENTRY ELEMENTS (KOHA)
Source of classification or shelving scheme
Koha item type Book
Holdings
Withdrawn status Lost status Source of classification or shelving scheme Damaged status Not for loan Home library Current library Date acquired Total Checkouts Full call number Barcode Date last seen Price effective from Koha item type
          Logos International School Logos International School 08/20/2025   E BEN 042874 08/22/2025 08/20/2025 Book

For any Logos Library related questions please contact Miss Art at swongnarasuk@asianhope.org.

For any Asian Hope Library related questions please contact Miss Raza at graza@asianhope.org.

Powered by Koha